000 02443cam a2200553 i 4500
001 6891804
003 OSt
005 20260202134216.0
008 731015s1935 enk 000 0 eng
010 _a 35015594
020 _a057108611x
035 _a6891804
040 _aKABLIB
_bKABLIB
_erda
_cKABLIB
_dKABLIB
042 _apcc
043 _ae-uk-en
050 0 0 _aPS3509.L43
_bM8 1935
051 _aAramont Library no. 144
_bCopy 1
_cRebound in gray morocco by Asprey with purple morocco spine. Two raised spine bands and author and title in gilt. Full inner dentelles. Red and purple marbled endpapers. All edges gilt.
082 _223
_a822.912
_bELI
100 1 _aEliot, T. S.
_q(Thomas Stearns),
_d1888-1965,
_eauthor.
_914964
245 1 0 _aMurder in the cathedral /
_cby T.S. Eliot.
264 1 _aLondon :
_bFaber and Faber Limited, 24 Russell Square,
_c1935.
264 3 _aGlasgow :
_bR. MacLehose and Company Limited, the University Press
300 _a93 p. :
_c20 cm
336 _atext
_btxt
_2rdacontent
337 _aunmediated
_bn
_2rdamedia
338 _avolume
_bnc
_2rdacarrier
500 _aFirst complete edition. An abbreviated acting edition was published in May 1935 by H.J. Goulden. See Gallup.
500 _a"First published in June MCMXXXV"--Title page verso.
500 _a"This play was written for production (in an abbreviated form) at the Canterbury Festival, June 1935"--Page 7.
510 4 _aGallup, D.C. T.S. Eliot: a bibliography,
_cA29b
510 4 _aRare and beautiful books from the Bonel Library,
_c71
600 1 0 _aThomas,
_cà Becket, Saint,
_d1118?-1170
_vDrama.
_914820
610 2 0 _aCanterbury Cathedral
_vDrama.
_914821
650 0 _aChristian martyrs
_vDrama.
_914822
650 0 _aChristian saints
_vDrama.
_914823
650 0 _aMurder victims
_vDrama.
_914824
651 0 _aCanterbury (England)
_vDrama.
_914825
655 7 _aHistorical drama.
_2gsafd
_95963
655 7 _aChristian drama.
_2lcsh
_914826
655 7 _aDrama.
_2lcgft
_0https://id.loc.gov/authorities/genreForms/gf2014026297
_96222
710 2 _aAramont Library Collection (Library of Congress)
_5DLC
_914965
710 2 _aAsprey & Co.,
_ebinder.
_5DLC
_914966
906 _a7
_bcbc
_cpremver
_d2
_encip
_f19
_gy-genrareb
942 _2ddc
_cBOOK
999 _c5932
_d5932